| 000 | 00696nam a2200229Ii 4500 | ||
|---|---|---|---|
| 003 | JO-AjNU | ||
| 008 | 230605s9999||||xx |||||||||||||| ||und|| | ||
| 017 | _a2010/7/2765 | ||
| 020 | _a978-9957-33-230-3 | ||
| 040 |
_aJO-AjNU _bara _erda _cJO-AjNU |
||
| 041 | _aara | ||
| 050 | 1 | 4 | _aHD30.28.2011 |
| 100 | 3 |
_aحيرش،عيسى, _eauthor _927681 |
|
| 245 | 0 | 0 | _aالادارة الاستراتيجية |
| 250 | _aط1 | ||
| 264 | 3 | 1 | _aعمان:مؤسسة الوراق للنشر والتوزيع،2011 |
| 300 | _a263ص | ||
| 336 |
_atext _btxt _2rdacontent |
||
| 337 |
_aunmediated _bn _2rdamedia |
||
| 338 |
_avolume _bnc _2rdacarrier |
||
| 650 | 4 |
_aالادارة التنفيذية _927682 |
|
| 999 |
_aA10647 _c14215 _d14215 |
||